000 00387pab a2200157 454500
008 180718b2000 xxu||||| |||| 00| 0 eng d
100 _aBhagat, Rasheeda
245 _aConstitution review: storm in a tea-cup
260 _c2000
300 _ap.14
362 _a1 Feb
650 _aIndia - Constitution
650 _aConstitutions
773 _aHindu (Business Line)
909 _a45099
999 _c45099
_d45099